Comparación de tres tipos de filtración para remover materia orgánica en el agua
Presenta una comparación entre tres tipos de filtración, rápida, por carbón activado y a través de un modulo tubular con fibra natural (en este caso henequen), con el objeto de establecer los porcentajes de remoción de materia orgánica que en cada uno de estos tipos de filtración se puede al...
| Main Author: | |
|---|---|
| Other Authors: | |
| Format: | Tesis Section = Libro |
| Language: | Undetermined Spanish |
| Published: |
Managua
UNI
2006
|
| Subjects: |
| LEADER | 01355nam a2200265Ia 4500 | ||
|---|---|---|---|
| 008 | 240830s9999 xx 000 0 und d | ||
| 040 | |a CEDOC DACA-RUSB / Mon 628.164 O13 | ||
| 041 | |a spa | ||
| 082 | |a Mon 628.164 O13 | ||
| 100 | 1 | |a Obregón Luna, Magda Alejandra | |
| 245 | 1 | 0 | |a Comparación de tres tipos de filtración para remover materia orgánica en el agua |
| 260 | |a Managua |b UNI |c 2006 | ||
| 300 | |a 87 p. :il | ||
| 500 | |a Contiene anexos | ||
| 502 | |a Tesis (Ingeniero Químico) -UNI, 2006. | ||
| 520 | 3 | |a Presenta una comparación entre tres tipos de filtración, rápida, por carbón activado y a través de un modulo tubular con fibra natural (en este caso henequen), con el objeto de establecer los porcentajes de remoción de materia orgánica que en cada uno de estos tipos de filtración se puede alcanzar y por ende disminuir así el potencial de formación de trihalometanos (THMs), que pueden ser generador en la etapa de desinfección para ello se simulo a nivel de laboratorio las etapas del proceso d | |
| 650 | 7 | |a TRATAMIENTO PARA ABASTECIMIENTO DE AGUA | |
| 650 | 7 | |b FLOCULACION COAGULACION. | |
| 650 | 7 | |c DESINFECCION DEL AGUA. | |
| 650 | 7 | |d SEDIMENTACION - PROCESOS DE FILTRACION. | |
| 650 | 7 | |e REMOCION DE AGUA | |
| 700 | 1 | |a Tutor: |b García, Indiana | |
| 942 | |c BK |2 ddc | ||
| 991 | |a TESIS | ||
| 999 | |c 26312 | ||